|
|
|
|
| LEADER |
01148nam a2200193Ia 4500 |
| 008 |
111205s2000 ii 000 j mal d |
| 041 |
|
|
|a mal
|
| 082 |
|
|
|a 855.5A1
|
| 100 |
0 |
|
|a അംബികാസുതൻ, മാങ്ങാട്,
|d 1962-
|9 1581711
|
| 245 |
|
|
|a ഒതേനന്റെ വാൾ /
|c മാങ്ങാട്അംബികാസുതൻ.
|
| 246 |
|
|
|a Othenante Val
|
| 260 |
|
|
|b ഡി.സി.ബുക്സ്,
|a കോട്ടയം :
|c 2000.
|
| 300 |
|
|
|a 91pages.
|
| 650 |
|
7 |
|2 fast
|9 1178016
|a Short stories, Malayalam
|
| 942 |
|
|
|c BK
|
| 999 |
|
|
|c 206578
|d 206578
|
| 952 |
|
|
|0 0
|1 0
|2 ddc
|4 0
|6 855_000000000000000_5A1_OTH
|7 0
|9 228436
|a MAL
|b MAL
|c ST1
|d 1973-09-24
|g 48.00
|l 4
|o 855.5A1 OTH
|p MAL26581
|r 2014-08-29
|s 2014-06-20
|v 48.00
|w 2011-12-05
|y BK
|
| 952 |
|
|
|0 0
|1 0
|4 0
|6 855_000000000000000_5A1_OTH
|7 0
|9 257889
|a MAL
|b MAL
|c ST1
|d 2015-04-23
|e The Bookshop,Publication Division,University of Calicut.Bill No:4222 Date:9/3/2015
|g 120.00
|l 0
|o 855.5A1 OTH
|p MAL35223
|r 2015-04-23
|w 2018-08-20
|y BK
|
| 952 |
|
|
|0 0
|1 0
|4 0
|6 855_000000000000000_5A1_OTH
|7 0
|9 257890
|a MAL
|b MAL
|c ST1
|d 2016-06-18
|g 80.00
|l 1
|o 855.5A1 OTH
|p MAL38358
|r 2017-07-28
|s 2017-06-29
|w 2016-06-18
|y BK
|